| 000 | 00754nam a2200217 i 4500 | ||
|---|---|---|---|
| 001 | 78614 | ||
| 003 | ES-MaACL | ||
| 005 | 20250815111607.0 | ||
| 007 | t| | ||
| 008 | 041015s1926 sp ||||1| spa d | ||
| 100 | 1 |
_aHaldane, J. B. S. _961524 |
|
| 245 | 1 | 0 |
_aCalínico o una defensa de la guerra química / _cpor J.B.S. Haldane ; traducción del inglés por J. Sacristán. |
| 260 |
_aMadrid : _bRevista de Occidente, _c1926 ( _fTip. Nacional) |
||
| 300 |
_a104 p. ; _c16 cm. |
||
| 490 | 1 | _aHoy y mañana | |
| 650 | 7 |
_aGuerra química _2embne _9164431 |
|
| 830 | 1 |
_aHoy y mañana _9226796 |
|
| 852 |
_aES-MaACL _jB-3800 |
||
| 852 |
_aES-MaACL _jL-32194 _z- Donat. herederos de la bibl. de Mª del Pilar Costa Palacín |
||
| 999 |
_c78614 _d78614 |
||